| 000 | 00350cam a2200121 4500 | ||
|---|---|---|---|
| 008 | 100217n 000 0 eng u | ||
| 035 | _a(Sirsi) a168444 | ||
| 050 | _aHC 517.E2 CLA 1965 | ||
| 100 | _aClark, G. Paul | ||
| 245 |
_aDevelopment planning in east africa, _c1965 |
||
| 260 |
_aKampala _bEast African publishing, _c1965 |
||
| 300 | _aiii, 153p. | ||
| 999 |
_c113893 _d113893 |
||